00595nam a22001457a 4500003000400000005001700004008004100021040001400062100002200076245013500098260001000233300002800243500014700271504003100418OSt20171010095448.0120621t xxu||||| |||| 00| 0 eng d aMMSUcULS aNacar, Mayell A.  aCredibility and competence of barangay health workers in disseminating health nprograms in Solsona, Ilocos NortecMayell A. Nacar  c2007  axvi, 82 leaves c28 cm. aThesis (BS Development Communication) -- Mariano Marcos State University-College of Agriculture, Food and Sustainable Development, Batac City  aBibliography: leaves 55-56